00404nam a2200109Ia 4500008004100000100002700041245005700068260006900125300001100194650002100205856006800226160712s9999 xx 000 0 und d aGarcia, Pacolor Carlo. cCarlo Pacolor GarciaaAng Batang Gustong Maging Ipis c2012bLikhaan: The Journal of Contemporary Philippine Literature avol. 6 xMAIKLING KUWENTO uhttp://journals.upd.edu.ph/index.php/lik/issue/view/536/showToc